| 000 | 00994nam a22001577a 4500 | ||
|---|---|---|---|
| 008 | 111220t xxu||||| |||| 00| 0 eng d | ||
| 050 | _aHC103.P43 | ||
| 100 | _aPerloff, Harvey S. | ||
| 245 |
_aHow a region grows: area development in the U.S. economy / _cHarvey S. Perloff and Vera W. Dodds. |
||
| 260 |
_aNew York: _bCommittee for Economic Development, _cc1963. |
||
| 300 |
_a147 p. _bill. _c26cm. |
||
| 505 | _aContents: Changing patterns of regional growth: A Look at the growth figures -- Factors behind the volume growth of regions -- Long-term changes in regional distribution of economic activity -- Growth of the states in recent years: 1939-1958 -- Recent shifts in employment among the states: 1939-1958 -- Changes in mining employment -- Changes in agriculture -- Changes in manufacturing employment -- Per capita income: Levels and rates of growth -- Approaches to regional development. | ||
| 650 | _aUnited States-Economic conditions. | ||
| 700 | _aDodds, Vera W. | ||
| 942 |
_2lcc _cBK |
||
| 999 |
_c437 _d7937 |
||